000 01304nam0a22002891 4500
001 v19\rc\1337603
005 20260407104521.0
035 _a(NLR Aleph) 004486655
090 _a4630357
_c4630357
100 _a20060512d1856 |||y0rusy50 ca
101 0 _arus
102 _aRU
105 _ay z |||||
200 1 _aПо проекту положения о устройстве судебных мест в Царстве Польском
_e[По представлению 2-го Отд-ния Собств. е. и. в. канцелярии
_fГос. совет в Деп. дел Царства Польского
210 _aСанкт-Петербург
_d1856]
215 _a19 с.
_d35
300 _aВ штампе дата: "30 янв. 1856 г."
309 _aБез тит. л. и обл.
710 0 1 _aРоссия
_bДепартамент дел Царства Польского
_9352074
_3RU\NLR\AUTH\889928221
712 0 1 _aРоссия
_bСобственная Его Императорского Величества канцелярия
_bОтделение
_c2
_9364031
_3RU\NLR\AUTH\889934477
801 0 _aRU
_bNLR
_gpsbo
801 0 _aRU
_bRuMoRGB
_2psbo
801 1 _aRU
_bProSoft-M
_2rusmarc
852 _aNLR
_j135/297(2)
852 _aNLR
_bМф
_jК1/16146
942 _cBOOK
980 _aNB